000 01193nam a2200229Ia 4500
001 L140-945
003 IT-CnALBA
008 170116s9999||||xx |||||||||||||| ||und||
040 _aIT-CnALBA
_cIT-CnALBA
041 _aITALIANO
100 _aBARONCHELLI DON MANFREDO.
245 0 _aMONISMO O MONOTEISMO?
250 _a1a ed.
260 _aBERGAMO
_bSECOMANDI. TIPOGR. VESCOVILE. BERGAMO
_c1923 [1° Ed.: n.d.]
300 _a206 p. (prefazione: 10)
500 _aAPOLOGETICA. POSITIVISMO MATERIALISMO CRITICISMO AGNOSTICISMO. DIMOSTRAZIONI INCOMPLETE DELL'ESISTENZA DI DIO. PROVE DELL'ESISTENZA DI DIO. S. TOMMASO. VIE DELLA DIMOSTRAZIONE DELLA ESISTENZA DI DIO. PROVE ANTROPOLOGICHE. PROVE DALLA SCRITTURA. AFFERMAZIO
501 _aSocietà San Paolo EM - Piazza San Paolo, 14 - 12051 ALBA (CN) (non commercial uses only) ® Copyright 2017
520 _aAPOLOGETICA. POSITIVISMO MATERIALISMO CRITICISMO AGNOSTICISMO. DIMOSTRAZIONI INCOMPLETE DELL'ESISTENZA DI DIO. PROVE DELL'ESISTENZA DI DIO. S. TOMMASO. VIE DELLA DIMOSTRAZIONE DELLA ESISTENZA DI DIO. PROVE ANTROPOLOGICHE. PROVE DALLA SCRITTURA. AFFERMAZIO
650 _aSISTEMI FILOSOFICI
942 _cBK
957 _71
999 _a1037
_bSI
_g Copie: 1
_c260174
_d260174